Disfrutar el arte : comentario y silencio /

Bibliographic Details
Main Author: Capella, Juan-Ramón, 1939- (Author)
Format: Electronic eBook
Language:Spanish
Published: [Madrid] : Editorial Trotta, [2024]
Series:Dicha de enmudecer.
Subjects:
Online Access:Digitalia Hispánica

MARC

LEADER 00000nam a2200000 i 4500
001 DIGTRO0310
003 NyNyDIG
007 cr |||||||||||
008 240819s2024 sp a o 000 0 spa d
006 m o d
035 |a (OCoLC)1434177014 
040 |a DGITA  |b eng  |e rda  |e pn  |c DGITA 
020 |a 9788413642499  |q (edición digital e-pub) 
020 |z 9788413641997 
050 1 4 |a N5300 ebook 
100 1 |a Capella, Juan-Ramón,  |d 1939-  |e author. 
245 1 0 |a Disfrutar el arte :  |b comentario y silencio /  |c Juan-Ramón Capella. 
264 1 |a [Madrid] :  |b Editorial Trotta,  |c [2024] 
300 |a 1 online resource :  |b color illustrations. 
336 |a text  |b txt  |2 rdacontent 
337 |a computer  |b c  |2 rdamedia 
338 |a online resource  |b cr  |2 rdacarrier 
347 |a text file  |2 rdaft 
347 |b PDF 
347 |b EPUB 
490 1 |a La Dicha de enmudecer 
588 0 |a Online resource; title from ePub title page (Digitalia, viewed August 19, 2024) 
650 0 |a Art  |x History. 
650 0 |a Art appreciation. 
791 2 |a Digitalia (Firm),  |e distributor. 
793 0 |g Digitalia eBook Collection:  |a Trotta Editorial 
776 0 8 |i Print version:  |a Capella, Juan-Ramón, 1939-  |t Disfrutar el arte.  |d Madrid : Editorial Trotta, [2024]  |z 9788413641997 
830 0 |a Dicha de enmudecer. 
856 4 0 |3 Digitalia Hispánica  |u https://www.digitaliapublishing.com/a/158406/ 
910 |a Premium collection: 2024